| 000 | 00856nam a22001937a 4500 | ||
|---|---|---|---|
| 003 | AM-YeHGA | ||
| 040 | _aAM-YeHGA | ||
| 090 | _c431681 | ||
| 005 | 20250617155235.0 | ||
| 008 | 190404s1900 ru ||||| |||| 00| 0 rus d | ||
| 041 | 0 | _arus | |
| 245 | 0 | 0 |
_aУказатель главнейших русских книг по сельскому хозяйству и соприкасающимся с ним отраслям знания / _b _cСост. под ред. секретаря Петерб. собр. сел. хозяев |
| 260 |
_aСанкт-Петербург : _bПетерб. собр. сел. хозяев, _c1900. |
||
| 300 |
_aIX, 188 с.; _c20 см |
||
| 650 | 1 | 4 | _aКаталоги |
| 650 | 1 | 4 | _aУказатели книг |
| 710 | 2 | _aПетербургское собрание сельских хозяев | |
| 942 |
_2udc _cBK |
||
| 999 |
_c429141 _d429141 |
||